000
00378nam a22001577a 4500
003
MPLRDC
005
20220104114425.0
008
210129b ||||| |||| 00| 0 eng d
082
_a
857.63 CKL v.13
100
_a
岑凯伦
245
_a
雪百合的天国
_c
260
_a
_b
汉麟出版社
_c
300
_b
平
650
_a
短篇小说--别集
942
_c
BK
_o
857.63 CKL v.13
999
_c
7354
_d
7344